000 00691nam a22002177a 4500
999 _c2956
_d2956
003 BD-JhCC
005 20171108184608.0
008 171108s1996 bg c||| |||| 000 0 ben d
020 _a9844590221
035 _a(BD-JhCC)
040 _aBD-JhCC
_dBD-JhCC
041 _aben
082 _a303.3850973
_bHOS 1996
100 _aহোসেন, আইয়ুব
245 _aসংস্কার নয়, কুসংস্কার /
_cআইয়ুব হোসেন,
260 _aঢাকা :
_bসুবর্ণ ,
_c১৯৯৬.
300 _a৪৬ পৃ. :
_bill.;
_c২২ সেমি.
650 _aPrejudies
_vJuuienile literature
942 _2ddc
_cBK